Five Most Popular Songs By Random Artists #2 - Statistics

General Stats
  • This quiz has been taken 48 times
  • The average score is 9 of 50
Answer Stats
Answer % Correct
Wake Me Up
60%
All About That Bass
51%
Enter Sandman
51%
Levitating
49%
Last Christmas
47%
Iris
42%
Good Vibrations
40%
Master Of Puppets
40%
Superstition
36%
Wake Me Up Before You Go-Go
33%
Surfin' U.S.A.
27%
Lola
22%
Nothing Else Matters
22%
The Nights
22%
Wouldn't It Be Nice
22%
1979
20%
Kokomo
20%
Today
20%
Levels
18%
One Kiss
18%
Bullet With Butterfly Wings
16%
Sir Duke
13%
Waterloo Sunset
13%
You Really Got Me
13%
Dear Future Husband
11%
I Just Called To Say I Love You
11%
All Day And All Of The Night
9%
California Dreamin'
9%
Name
9%
The Unforgiven
9%
Tonight, Tonight
9%
Black Balloon
7%
Club Tropicana
7%
Cold Heart
7%
Everything She Wants
7%
Signed, Sealed, Delivered (I'm Yours)
7%
Slide
7%
Zero
7%
Better When I'm Dancin'
4%
Sunny Afternoon
4%
Waiting For Love
4%
Whiskey In The Jar
4%
I'm Your Man
2%
Like I'm Gonna Lose You
2%
Sweetest Pie
2%
Sympathy
2%
Title
2%
Without You
2%
For Once In My Life
0%
Potion
0%
No matching quizzes found
Score Distribution
Percent of People with Each Score
Percentile by Number Answered
Your Score History
You have not taken this quiz